Central Library OPAC University of Rajshahi

Science survey / (Record no. 7659)

MARC details
000 -LEADER
fixed length control field 00728cas a2200277 a 4500
001 - CONTROL NUMBER
control field 7659
003 - CONTROL NUMBER IDENTIFIER
rucl marc code BD-RjUL
005 - DATE AND TIME OF LATEST TRANSACTION
control field 20211208234443.0
008 - FIXED-LENGTH DATA ELEMENTS--GENERAL INFORMATION
fixed length control field 140115d19601962nyuar 0 1 0eng c
035 ## - SYSTEM CONTROL NUMBER
System control number (BD-RjUL)7703
040 ## - CATALOGING SOURCE
Original cataloging agency MnMULS
Language of cataloging eng
Transcribing agency MnMULS
Modifying agency MH
-- N
-- DLC
-- OCoLC
-- UKMGB
-- BD-RjUL
041 ## - LANGUAGE CODE
Language code of text/sound track or separate title eng
082 00 - DEWEY DECIMAL CLASSIFICATION NUMBER
Classification number 508.2
Author mark and year SCI 1960
245 10 - TITLE STATEMENT
Title Science survey /
260 ## - PUBLICATION, DISTRIBUTION, ETC. (IMPRINT)
Place of publication, distribution, etc. New York :
Name of publisher, distributor, etc. Macmillan,
Date of publication, distribution, etc. c1960
300 ## - PHYSICAL DESCRIPTION
Pagination 360 p. :
Illustrations ill. ;
Size 22 cm.
504 ## - BIBLIOGRAPHY, ETC. NOTE
Bibliography, etc Includes index.
650 #0 - SUBJECT ADDED ENTRY--TOPICAL TERM
Topical term or geographic name as entry element Science
Form subdivision Periodicals.
9 (RLIN) 23886
700 1# - ADDED ENTRY--PERSONAL NAME
Personal name Haslett, A. W.
Personal name John, St John
942 ## - ADDED ENTRY ELEMENTS (KOHA)
Source of classification or shelving scheme Dewey Decimal Classification
Koha item type Books
Holdings
Lost status Source of classification or shelving scheme Damaged status Not for loan Collection code Permanent Location Current Location Shelving location Date acquired Source of acquisition Cost, normal purchase price Total Checkouts Full call number Date last seen Copy number Koha item type
  Dewey Decimal Classification   Not For Loan Non-fiction Central Library, University of Rajshahi Central Library, University of Rajshahi   16/02/1963 Zeitlinger 25.00   508.2 SCI 1960 15/01/2014 C-1 Books